Statistiques concernant Quiz Histoire Britannique : Dates, évènements, notions

Cliquez ici pour prendre le quiz!

Statistiques générales

  • Ce quiz a été pris 37 fois
  • Le résultat moyen est 13 sur 81

Statistiques - réponses

HintAnswer in English% Correct
Nom de la dynastie anglaise règnante à la suite de cette guerreTudor
75%
Quelle politique est votée au référendum en 2016, mettant fin à une coopération établie depuis 1973 ?Brexit
44%
Quelle religion domine ensuite l'Angleterre à la fin du 16ème siècle ?Protestantism
44%
Quel problème y a-t-il avec lui ?Catholicism
41%
Comment se nomme la première ministre qui met fin à la politique économique et sociale de post-guerre ?Margaret Thatcher
34%
En quelle année l'Inde prend son indépendance du Royaume-Uni ?1947
31%
Quel est le nom du monarque qui devient le symbole de l'Angleterre du 19ème siècle ?Victoria
31%
Comment se nomme le dernier monarque Stuart ?Anne
28%
Quel partie politique est élu pour la première fois en 1924?Labour Party
28%
Quel partie politique apparait en 1906?Labour Party
28%
Quel monarque fut assassiné par la monarque anglaise en 1587 ?Mary Stuart
28%
Qui est le premier ministre actuel ?Rishi Sunak
28%
En quelle année l'Irlande est partitionnée ?1921
25%
Un des textes fondateurs du Royaume-Uni, écrit et adopté durant le règne du roi Jean. Donne la date du texteMagna Carta 1215
25%
Quand est uni la Grande Bretagne et l'Irlande ?1801
22%
Quelle évènement majeur de la couronne britannique a lieu à cause de la volonté du roi à divorcer sa femme Catherine d'Aragon ?The Reformation
22%
Quel est le nom complet et actuel de l'union britannique ?The United Kingdom of Great Britain and Northern Ireland
22%
Guerre civile anglaise entre la Maison Lancastre et la maison de York.War of the roses
22%
Donne la date du début de la famine en Irlande1845
19%
En quelle année le suffrage universel égalitaire est adopté en Grande Bretagne ?1928
19%
Quel monarque abdique en 1936 ?Edward VIII
19%
Quel est son plus gros succès au niveau de l'Irlande pour pacifier les relations nord et sud ?Good Friday agreement
19%
Qui est le premier ministre quand la crise économique de 2008 arrive en Grande Bretagne ?Gordon Brown
19%
Comment s'appelle son successeur ?James II
19%
Comment s'appelle la reine de 9 jours ?Jane Grey
19%
Qui s'appelle l'homme qui organise l'économie anglaise après la seconde guerre mondiale ?John Keynes
19%
A partir de quand les Catholiques peuvent occuper une place dans la vie politique anglaise ?1829
16%
Donne les dates de ce premier ministre1997-2007
16%
Quel document marquant de l'histoire britannique uniant l'Angleterre et l'Ecosse est rédigé sous son règne et à quelle date ?Act of Union 1707
16%
Entre 1553 et 1558, quelle religion fit son retour en Angleterre ? Sous quel monarque ?Catholicism Mary I
16%
Quel nom est donné aux colonies à qui on laisse le droit de se gouverner mais qui doivent toujours rendre des comptes à l'Empire britannique ?Dominion
16%
Comment se nomme la leader de Suffragettes ?Emmeline Pankhurst
16%
Quel évènement découle de l'invention de la machine à vapeur en Angleterre et plus tard dans le monde entier ?Industrial revolution
16%
Qui lui succède ?John Major
16%
Quelle politique de taxation mène à sa démission ?Poll Tax
16%
Quel acte portée par les Whigs passe en 1832 ?Reform Act
16%
Qui lui succède ? Quel était son partie ?Tony Blair Labour
16%
Qui domine le parlement jusqu'en 1830 ?Tories
16%
Donner les dates de règne de Jacques 1er1603-1625
13%
En quelle année Charles II est quémandé de devenir roi d'Angleterre ?1660
13%
Qu'arriva-t-il au roi suivant Jacques 1er?Beheaded
13%
Quel document établissant la monarchie parlementaire en Angleterre, découle de cet évènement ? En quelle année ?Bill of rights 1689
13%
Quel mouvement des classes populaires oeuvre de 1838 à 1848 en demandant 6 points concernant le vote et la représentation politique ?Chartism
13%
A quel évènement majeur sa fin de règne mène-t-il ? En quelle année ?Glorious revolution 1688
13%
Quel titre gagne le monarque après cet évènement ?Head of the Church of England
13%
Qui fut le 1er roi de cette dynastie ? Donne les dates de son règneHenry VII 1485-1509
13%
Citez les monarques de cette dynastie dans l'ordre de règne (sans mentionner le roi de la question précédente)Henry VIII, Edward VI, Mary I, Elizabeth I
13%
Qui conçut la machine à vapeur ?James Watt
13%
Quel dynastie prend le pouvoir en Angleterre au début de 17ème siècle ? D'ou venait-il ?Stuart, Scotland
13%
En quelle année les libéraux font campagne avec comme politique de taxer davantage les classes plus aisées ?1906
9%
Comment appelle-t-on la flotte espagnole à l'époque ? Quand est-elle défaite ?Armada 1588
9%
Quelles sont les noms de famille des deux premiers ministres anglais durant la première guerre mondiale ?Asquith, Lloyd George
9%
Quel est le nom du régime tyrannique qui se met en place ? Qui en était le chef ?Commonwealth, Oliver Cromwell
9%
Quel partie politique va être au pouvoir pendant la majorité des années 20/30 ?Conservatives
9%
Quelle loi de 1815 divise la population sur la gestion de l'économie anglaise entre protectionnisme et libéralisme?Corn Laws
9%
Quel surnom gagne la monarque anglaise à la suite de cette victoire ?Gloriana
9%
Quelle est la dynastie qui prend le pouvoir après les Stuart ? D'ou viennent-ils ?Hanover Germany
9%
Quel est le nom du partie politique anglais émergeant en 1846 et domine le Parlement au cours du 19ème siècle ?Liberals
9%
Quel nom donne-t-on à la politique religieuse modérée de la monarque ?Via Media
9%
Donne le nom de la figure majoritaire de ce partie politique au 19ème siècle, qui deviendra 4 fois premier ministreWilliam Gladstone
9%
Comment s'appelle la dispute industrielle de 1978/1979 qui a paralysé le pays sous Heath ?Winter of Discontent
9%
Donne les dates des deux Reform Act de la deuxième moitié du 19ème siècle1867 1884
6%
Quel est le nom du document définissant les critères d'accession au pouvoir pour le monarque ? En quelle année apparait-il ?Act of Settlement 1702
6%
Quel était son slogan, qui devint controversé au vu des scandales sexuels et politiques de son partie ?Back to Basics
6%
Quelle guerre montre l'inefficacité de l'armée anglaise, qui ne se conforme pas à la modernité ?Crimean War
6%
Quelle conflit international participe à sa réélection ?Falklands war
6%
Quel politique controversé concernant l'indépendance de l'Irlande a mené à la démission de Gladstone et à son retrait de la vie politique ?Home Rule
6%
Quelle était sa priorité durant son mandat ?Inflation
6%
Quel tragédie a lieu quelques jours après sa deuxième réélection ?London bombing
6%
Quel acte passe en 2006 après trois introduction dans la chambre des Communs afin de créer une chef d'accusation racial et religieux?Racial and Religious Hatred Act
6%
Quelle réforme passe en 1911 au niveau du Parlement?Reform of the House of Lords
6%
Quel est le nom de l'évènement en 1819 qui partait d'un rassemblement massif et qui devint une bavure policière ?St Peterloo's massacre
6%
Donnez les dates de la période de prospérité économique anglaise1847-1873
3%
Donne les dates du conflit1854-1856
3%
Quelle guerre isola la Grande Bretagne en Europe au début du 20ème siècle ?Boers War
3%
Quelle préoccupation domine les classes moyennes et ouvrières tout au long du 19ème siècle ?Franchise
3%
Quelle expression représente la nécessité d'un Etat-providence au Royaume Uni dans les années 40/50?from cradle to grave
3%
Quel problème avait le parlement avec ce roi ?Homosexuality
3%
Contrairement à son prédécesseur, il s'est engagé dans le traité de M......... en 1991 donc il était ...........Maastricht pro-European
3%
Comment appelle-t-on la politique économique et social de 1945 à 1979 finançant l'Etat-providence ?Social democratic consensus
3%
Comment nomme-t-elle les grévistes en 1984 ?The enemy from within
3%

Distribution des résultats

Percentile par nombre de réponses

% des personnes avec chaque résultat

Votre développement - résultats

Vous n’avez pas pris ce quiz